00465caa a22001812a 4500001000900000003001100009008004700020092001700067100003200084245006500116245002800181300001000209440000600219260000900225650002500234942000900259999001500268 002016 AR-FADEU 311216n############xxu####################dd aPP(340.1)BIO aCiuro Caldani, Miguel Angel bLas Disciplinas filisóficas, la Bioética y el Bioderecho aBioética y Bioderecho a11-14 n3 c1998 aBIOETICA; BIODERECHO cPPGR c4794d4794